[Event "Continental de las Americas"]
[Site "Buenos Aires"]
[Date "2005.08.15"]
[Round "10.69"]
[White "Soares, Joaquim"]
[Black "Echeguren, Gustavo"]
[Result "1/2-1/2"]
[WhiteElo "2000"]
[BlackElo "2094"]
[PlyCount "92"]
[EventDate "2005.08.15"]

1. e4 e5 2. Nf3 Nc6 3. Bb5 a6 4. Ba4 Nf6 5. O-O b5 6. Bb3 Be7 7. Re1 O-O 8. c3
d6 9. d3 Na5 10. Bc2 c5 11. h3 Bb7 12. Nbd2 Re8 13. Nf1 h6 14. g4 Nh7 15. Kh2
Ng5 16. Ng1 Ne6 17. Ng3 Bg5 18. Be3 Nc6 19. Nf3 Bf4 20. Bxf4 Nxf4 21. Ne2 Qf6
22. Nxf4 Qxf4+ 23. Kg2 Rac8 24. Qd2 Qxd2 25. Nxd2 Nd8 26. Bb3 Ne6 27. Bxe6 fxe6
28. c4 Bc6 29. b3 Ra8 30. Re3 b4 31. h4 g6 32. Rf1 Rf8 33. Rf3 Rxf3 34. Kxf3 a5
35. Ke3 Rf8 36. f4 exf4+ 37. Rxf4 Rxf4 38. Kxf4 e5+ 39. Kg3 Kf7 40. Nf1 a4 41.
g5 h5 42. Kf2 axb3 43. axb3 Ke6 44. Ke2 Ke7 45. Ne3 Ke6 46. Nc2 Ke7 1/2-1/2

[Event "Continental de las Americas"]
[Site "Buenos Aires"]
[Date "2005.08.15"]
[Round "10.71"]
[White "Alaluf, Alfredo"]
[Black "Diaz, Genara"]
[Result "1/2-1/2"]
[WhiteElo "2091"]
[BlackElo "2000"]
[PlyCount "91"]
[EventDate "2005.08.15"]

1. Nf3 d5 2. g3 Nf6 3. Bg2 e6 4. O-O c5 5. c4 Be7 6. b3 Nc6 7. Bb2 O-O 8. d3
Re8 9. Nbd2 d4 10. a3 e5 11. b4 cxb4 12. Nb3 bxa3 13. Bxa3 Bxa3 14. Rxa3 a6 15.
Nfd2 Qe7 16. Qa1 Nb4 17. Qb2 Rb8 18. Rfa1 h6 19. Ne4 Nxe4 20. Bxe4 f5 21. Bg2
Rd8 22. Nd2 b6 23. Rb3 a5 24. Qc1 Be6 25. Rb2 Rdc8 26. Qb1 Bf7 27. Nb3 Qc7 28.
Bh3 Be6 29. Qd1 Kh7 30. Qd2 Rd8 31. Qc1 Rf8 32. Nd2 Bg8 33. Nf3 Rbd8 34. Nd2
Rde8 35. Nb3 Rd8 36. Bg2 Rfe8 37. Nd2 Re7 38. Qd1 Rde8 39. Nb3 Bf7 40. Bh3 g6
41. Bg2 Kg7 42. Rbb1 Bg8 43. Qc1 Rc8 44. Qb2 Rd8 45. Nd2 Kh7 46. Ra3 1/2-1/2